| 000 | 00570nam a2200181 a 4500 | ||
|---|---|---|---|
| 001 | 4363 | ||
| 003 | CDMR | ||
| 005 | 20131014111901.0 | ||
| 008 | 130130s1972||||||||||||||||||||||||||||d | ||
| 040 |
_aCDMR _bcat _cCDMR |
||
| 245 | 3 |
_aEl censor (1781-1787) _b: [antología] _cintroducción de José F. Montesinos ; edición [...] de E. García-Pandavenes |
|
| 260 |
_aBarcelona _c1972 _bLabor |
||
| 300 | _a324 p. | ||
| 490 | 0 |
_aTextos Hispánicos Modernos _v19 |
|
| 700 | 1 |
_94041 _aMontesinos, José F. _epr. |
|
| 700 | 1 |
_94042 _aGarcía-Pandavenes, Elsa _eed. |
|
| 942 |
_cMON _2udc |
||
| 999 |
_c4363 _d4363 |
||